000 00800nam a2200265Ia 4500
003 OSt
005 20221006143727.0
006 a|||||r|||| 00| 0
007 ta
008 221006b |||||||| |||| 00| 0 eng d
020 _c150.00
024 _a9,792
037 _cTextual
040 _aEASL
_cEASL
_beng
041 _2eng
_aeng
082 _aX8(J):275.2.N84, M6
100 _aLAMBA S K
245 0 _aImpact of land reforms on rural development
_b A critical appraisal of India, Republic of China and some other selected countries
260 _aNew Delhi
_bAgricole Publishing Academy
_c1986
300 _a148p.
_ccm.
490 _v Oth
700 _a TOMAR J S
942 _hX8(J):275.2.N84, M6
_cTEXL
_2CC
999 _c1077878
_d1077878